| 000 | 01024nas a2200277 4500 | ||
|---|---|---|---|
| 001 | BR2011004976 | ||
| 003 | BR-BrBNA | ||
| 005 | 20231205115550.0 | ||
| 007 | ta | ||
| 008 | 230509b bl.|||p| |||| 00| 00por d | ||
| 040 |
_aBR-BrBNA _bpor _cBiblioteca Nacional de Agricultura |
||
| 041 | _a(Pt) | ||
| 072 | _aF40; P01 | ||
| 100 | 1 | _aViani, R.A.G. | |
| 100 | 1 | _aRodrigues, R.R. | |
| 245 | 1 | _aImpacto da remoção de plântulas sobre a estrutura da comunidade regenerante de Floresta Estacional Semidecidual | |
| 246 | 1 | _aImpact of seedling removal on regenerating community structure of a seasonal semideciduous forest | |
| 650 | _aFLORESTA | ||
| 650 | _aPLANTULA | ||
| 650 | _aECOLOGIA FLORESTAL | ||
| 650 | _aREGENERAÇÃO NATURAL | ||
| 773 | 0 |
_tActa Botanica Brasilica (Brazil) _xISSN 0102-3306 _g(Oct-Dec 2008), v. 22(4) p. 1015-1026 _wBR2011004976 |
|
| 856 | 4 |
_uhttp://www.scielo.br/pdf/abb/v22n4/a12v22n4.pdf _yRecurso eletrônico (PDF) |
|
| 909 |
_a202311 _bLúcia _c55 _dLúcia Elande |
||
| 942 |
_2AGRIS _n0 _cANA |
||
| 999 |
_c214477 _d214477 |
||